[Event "Recco op-A 4th"]
[Site "Recco "]
[Date "2010.11.28"]
[Round "5"]
[White "Vicentini, Andrea"]
[Black "Ciccarelli, Marco"]
[Result "1/2-1/2"]
[WhiteElo "1993"]
[BlackElo "1871"]
[PlyCount "30"]
[EventDate "2010.11.26"]
[EventType "swiss"]
[EventRounds "5"]
[EventCountry "ITA"]
[SourceTitle "EXT 2012"]
[Source "ChessBase"]
[SourceDate "2011.11.24"]
[SourceVersion "1"]
[SourceVersionDate "2011.11.24"]
[SourceQuality "1"]

1. e4 c5 2. Nc3 d6 3. g3 Nc6 4. Bg2 g6 5. Nge2 Bg7 6. 0-0 e6 7. d3 Nge7 8. f4 0-0 9. Be3 Nd4 10. Qd2 Rb8 11. Nd1 b5 12. c3 Nxe2+ 13. Qxe2 b4 14. c4 e5 15. Rb1 f5 1/2-1/2